Anteproyecto arquitectónico de vivienda unifamiliar con énfasis en criterios bioclimáticos pasivos, en el barrio Monseñor Lezcano de la ciudad de Managua
Presenta una propuesta a las viviendas de interés social ejecutadas por el estado, las cuales se conocen como casas para el pueblo, incluye, aspectos metodológicos del estudio, normas y leyes relacionadas al tema de la propuesta y estrategias de diseños pasivos.
| Main Author: | |
|---|---|
| Other Authors: | |
| Format: | Tesis Section = Libro |
| Language: | Undetermined Spanish |
| Published: |
Managua
UNI
2013
|
| Subjects: |
| LEADER | 01103nam a2200241Ia 4500 | ||
|---|---|---|---|
| 008 | 240830s9999 xx 000 0 und d | ||
| 040 | |a BIBLIOTECA-RUSB/ Mon 720.47 N852 | ||
| 041 | |a spa | ||
| 082 | |a Mon 720.47 N852 | ||
| 100 | 1 | |a Norori Roque, Julián | |
| 245 | 1 | 0 | |a Anteproyecto arquitectónico de vivienda unifamiliar con énfasis en criterios bioclimáticos pasivos, en el barrio Monseñor Lezcano de la ciudad de Managua |
| 260 | |a Managua |b UNI |c 2013 | ||
| 300 | |a 80 p. :il. | ||
| 500 | |a Contiene: anexos e Incluye: CD. | ||
| 502 | |a Tesis (Arquitecto) - UNI, 2013. | ||
| 520 | 3 | |a Presenta una propuesta a las viviendas de interés social ejecutadas por el estado, las cuales se conocen como casas para el pueblo, incluye, aspectos metodológicos del estudio, normas y leyes relacionadas al tema de la propuesta y estrategias de diseños pasivos. | |
| 650 | 7 | |a ARQUITECTURA BIOCLIMATICA | |
| 650 | 7 | |b CONSTRUCCIÓN DE VIVIENDAS | |
| 650 | 7 | |c ARQUITECTURA - DISEÑOS Y PLANOS | |
| 700 | 1 | |a Tutor: |b Tijerino Verdugo, María Suyapa | |
| 942 | |c BK |2 ddc | ||
| 991 | |a TESIS | ||
| 999 | |c 21130 | ||